000 00395nam a22001457a 4500
020 _a8121908558
082 _a621.381 TEW
100 _aTewari, K.K. Dr.
245 _aElectricity and magnetism with electronics
260 _aNew Delhi, India
_bS. Chand & Co. Ltd.
_c1987
300 _axv, 745 p.
_bill. ;
500 _aIncludes index.
650 _a1. Electronics. 2. Electricity.
942 _cBK
999 _c12606
_d12606